000 00442nam a22001577a 4500
003 OSt
005 20211201104637.0
008 211201b |||||||| |||| 00| 0 eng d
020 _a8183291635
040 _cHU
082 _a300.72
245 _aResearch methods in social science
_c B S Yadav; Mohit Jain
260 _a New Delhi :
_b Shree Publishers & Distributors,
_c2007.
300 _a vi, 272 pages ;
_c 23 cm
942 _2ddc
_cBOOKS
_n0
999 _c20911
_d20911